000 00505nam a22001577a 4500
008 230329b |||||||| |||| 00| 0 eng d
040 _aNational Science Library
_cNational Science Library
080 _aT 57.063.7
100 _aBhat, D M
245 _aBiological species diversity in some localities in western ghats
_c/ Indian Institute of Technology
260 _aMadras,
_bIndian Institute of Technology,
_c1986
300 _a14p.
650 _aBiology
653 _aSpecies
942 _2udc
_cREP
999 _c58312
_d58312